01080cam a22002415a 45000010009000000050017000090080041000260200018000670400033000850820019001181000022001372450088001592600043002473000033002905000024003235040041003475050227003886500033006156530024006489420008006729990017006809520141006971581100520161020122821.0090710t2010 njua frb 001 0 eng d a9780470499153 aDLCcDLCdDLCdEG-ScBUEbeng04a332.6222bCUM1 aCumming, Douglas.10aPrivate equity :bfund types, risks and returns, and regulation /cDouglas Cumming. aHoboken :bJohn Wiley & Sons,cc.2010. axv, 608 p. :bill. ;c26 cm. aIndex : p. 603-608. aIncludes bibliographical references.0 aIntroduction to private equity -- Institutional investment in private equity: motivations, strategies, and performance -- IPOs and other non-traditional fundraising methods of private equity firms -- Listed private equity. 7aPrivate equity.2BUEsh94336 bBUSADMcOctober2016 2ddc c22741d22713 00102ddc40708AcademicaMAINbMAINc1STd2016-10-20ePurchaseg492.00h9154l0o332.6 CUMp000034348r2025-07-15 00:00:00v615.00yBB